[Event "Baku Open 2014"]
[Site "Baku AZE"]
[Date "2014.09.28"]
[Round "7.23"]
[White "Aghayev, Nijat"]
[Black "Pirverdiyev, Agil"]
[Result "1/2-1/2"]
[WhiteTitle "IM"]
[WhiteElo "2401"]
[BlackElo "2209"]
[WhiteFideId "13402048"]
[BlackFideId "13400568"]
[EventDate "2014.09.22"]

1. Nf3 Nf6 2. c4 c5 3. g3 b6 4. Bg2 Bb7 5. b3 g6 6. Bb2 Bg7 7. O-O O-O 8. Nc3 d5
9. cxd5 Nxd5 10. Qc1 e5 11. d3 Nc7 12. h4 Ne6 13. Nd1 Nd4 14. Nxd4 Bxg2 15. Ne6
Qc8 16. Kxg2 Qxe6 17. Qc4 Qc6+ 18. Kh2 h5 19. Ne3 Nd7 20. a4 Qd6 21. Qd5 Qc7 22.
Kg1 Rad8 23. a5 Nb8 24. axb6 axb6 25. Qc4 Qb7 26. Qb5 Rd6 27. Ra4 Re6 28. Rfa1
Nc6 29. Nd5 Nd4 30. Bxd4 exd4 31. Nf4 Rd6 32. Ra7 Qc8 33. b4 Bh6 34. bxc5 bxc5
35. Ng2 Re6 36. R1a2 Rfe8 37. Kf1 Re5 38. Qd7 Rf5 39. Qxc8 Rxc8 40. Ra8 Rxa8 41.
Rxa8+ Kg7 42. f4 Rd5 43. Ne1 f6 44. Ra7+ Kg8 45. Kf2 Bf8 46. Nf3 Rd8 47. Nd2 f5
48. Nc4 Re8 49. Ra6 Kh7 50. Rc6 Re7 51. Ne5 Rg7 52. Re6 Rg8 53. Ke1 Bg7 54. Rc6
Bxe5 55. fxe5 g5 56. Rc7+ Kh6 57. Rc6+ Kh7 58. hxg5 Re8 59. Rxc5 Kg6 60. Kf2
Kxg5 61. Kf3 Re7 62. Rd5 Re8 63. Ra5 Re7 64. e3 dxe3 65. d4 e2 66. Kxe2 Kg4 67.
Ra3 f4 68. gxf4 Kxf4 69. Kd3 h4 70. Ra8 Rh7 71. Rf8+ Kg5 72. Ke4 h3 73. Rg8+ Kh4
74. Rg1 h2 75. Rh1 Kg5 76. e6 Kf6 77. d5 Ke7 78. Kd4 Kd6 79. Kc4 Rh4+ 80. Kd3
Kxd5 81. e7 Re4 82. Rxh2 Rxe7 1/2-1/2

[Event "Baku Open 2014"]
[Site "Baku AZE"]
[Date "2014.09.28"]
[Round "7.24"]
[White "Aghasiyev, Kamal"]
[Black "Abdulla, Khayala"]
[Result "1/2-1/2"]
[WhiteTitle "IM"]
[BlackTitle "WIM"]
[WhiteElo "2394"]
[BlackElo "2269"]
[WhiteFideId "13402854"]
[BlackFideId "13401807"]
[EventDate "2014.09.22"]

1. d4 Nf6 2. Nf3 e6 3. c4 d5 4. Nc3 Be7 5. g3 O-O 6. Bg2 b6 7. O-O Bb7 8. Ne5
Ne4 9. Qc2 f6 10. Nd3 Nxc3 11. bxc3 c6 12. Nf4 Qd6 13. a4 Na6 14. Ba3 Qd7 15.
Bxe7 Qxe7 16. cxd5 cxd5 17. e4 dxe4 18. Bxe4 Bxe4 19. Qxe4 Rfe8 20. Rfe1 Qd7 21.
Nxe6 Nc7 22. d5 Nxd5 23. Rad1 Kf7 24. Qxh7 Rxe6 25. Rxe6 Qxe6 26. Qh5+ Kg8 27.
Rxd5 Qe1+ 28. Kg2 Qxc3 29. h4 Qc6 30. Qf3 Re8 31. a5 bxa5 32. h5 Qa8 33. Rxa5
Qxf3+ 34. Kxf3 Re7 35. Kg4 Kh7 36. Kf5 Kh6 37. g4 Re2 38. f4 Re7 39. Ra2 Kh7 40.
h6 Rb7 41. hxg7 Kxg7 42. Ra5 Re7 43. Ra6 Rb7 44. Ke4 Rb4+ 45. Kf3 Rb3+ 46. Kg2
Rb7 47. Kg3 Kg6 48. Kh4 Rh7+ 49. Kg3 Rb7 50. Ra1 Rc7 51. Ra6 Rb7 52. Rc6 Kg7 53.
Kh4 Rd7 54. Kh5 Rd5+ 55. f5 Rd7 56. Re6 Rb7 57. g5 fxg5 58. Kxg5 Rb6 59. Re7+
Kf8 60. Rxa7 Rc6 61. Rd7 Ra6 62. Rd4 Kf7 63. Re4 Rb6 64. Ra4 Rc6 65. Ra7+ Kf8
66. Kf4 Rb6 67. Ke5 Rc6 68. Rd7 Ra6 69. Kf4 Rb6 70. Kg5 Ra6 71. Rd8+ Kf7 72. Rh8
Kg7 73. Rh1 Rb6 74. Re1 Kf7 75. Rc1 Ra6 76. Rc7+ Kf8 77. Rb7 Rd6 78. Kf4 Ra6 79.
Ke5 Rc6 80. Rd7 Ra6 81. Rd4 Kf7 82. Rb4 Ra5+ 83. Kf4 Ra6 84. Kg5 Rc6 85. Ra4 Rb6 1/2-1/2

[Event "Baku Open 2014"]
[Site "Baku AZE"]
[Date "2014.09.28"]
[Round "7.25"]
[White "Abdulov, Orkhan"]
[Black "Shahaliyev, Ismayil"]
[Result "0-1"]
[WhiteTitle "IM"]
[WhiteElo "2344"]
[BlackElo "2206"]
[WhiteFideId "13402714"]
[BlackFideId "13406388"]
[EventDate "2014.09.22"]

1. e4 e6 2. d4 d5 3. Nd2 Be7 4. Ngf3 Nf6 5. Bd3 c5 6. exd5 Qxd5 7. dxc5 Nbd7 8.
Qe2 O-O 9. b4 a5 10. c3 axb4 11. cxb4 Rxa2 12. Rb1 Qh5 13. Bc4 Ra8 14. Bb2 Nd5
15. g4 Qh3 16. Bxd5 exd5 17. Qxe7 Nf6 18. Bxf6 Bxg4 19. Be5 Rae8 20. Qc7 f6 21.
Rg1 Rf7 22. Qd6 Rd7 23. Rg3 Qh5 24. Qb6 fxe5 25. Rb3 h6 26. c6 bxc6 27. Qxc6
Rdd8 28. Qb7 Rd7 29. Qb5 Rc8 30. Rb1 Kh8 31. Qa6 Rdc7 32. Qa1 Rc3 33. Nh4 d4 34.
Ng2 Rxg3 35. hxg3 Qh1+ 36. Nf1 Qxg2 37. Rc1 Qe4+ 0-1

[Event "Baku Open 2014"]
[Site "Baku AZE"]
[Date "2014.09.28"]
[Round "7.26"]
[White "Asgarizadeh, Ahmad"]
[Black "Bayramov, Vugar"]
[Result "1-0"]
[WhiteElo "2335"]
[BlackElo "2254"]
[WhiteFideId "12505684"]
[BlackFideId "13400916"]
[EventDate "2014.09.22"]

1. e4 e5 2. Nf3 d6 3. d4 Nd7 4. Nc3 Ngf6 5. Bc4 Be7 6. O-O O-O 7. Re1 c6 8. a4
a5 9. h3 h6 10. Ba2 Re8 11. Be3 Bf8 12. Qd2 Nh7 13. Rad1 Qf6 14. Ne2 Be7 15. Ng3
Bf8 16. c3 Nb8 17. Nh2 Qg6 18. Bb1 Nf6 19. Nf3 Na6 20. Nh4 Qh7 21. f4 Be6 22.
Bc2 c5 23. Nf3 cxd4 24. cxd4 exf4 25. Bxf4 g6 26. d5 Bd7 27. Qxa5 Nc5 28. Qc3
Qh8 29. e5 Nh7 30. b3 Bg7 31. Qb4 dxe5 32. Be3 Na6 33. Qxb7 Red8 34. Bb6 Rdb8
35. Qxd7 Rxb6 36. a5 Nf8 37. Qa4 Rb4 38. Qc6 Rbb8 39. Bb1 Nb4 40. Qd6 Rb7 41.
Qc5 Nd7 42. Qc4 Kh7 43. d6 Qe8 44. h4 Rxa5 45. h5 Rc5 46. hxg6+ fxg6 47. Qe4 Rb6
48. Nh4 Nf8 49. Rf1 Kg8 50. Rxf8+ Bxf8 51. d7 Qd8 52. Nxg6 Rd6 53. Rf1 Rd4 54.
Rxf8+ Qxf8 55. Nxf8 Rc1+ 56. Nf1 Rxe4 57. d8=Q Rxb1 58. Nd7+ Kf7 59. Qf6+ Ke8
60. Qg6+ 1-0

[Event "Baku Open 2014"]
[Site "Baku AZE"]
[Date "2014.09.28"]
[Round "7.27"]
[White "Fataliyeva, Ulviyya"]
[Black "Nugumanov, Bakhtiyar"]
[Result "0-1"]
[WhiteTitle "WFM"]
[BlackTitle "FM"]
[WhiteElo "2117"]
[BlackElo "2287"]
[WhiteFideId "13403052"]
[BlackFideId "13701797"]
[EventDate "2014.09.22"]

1. e4 c6 2. d4 d5 3. exd5 cxd5 4. Bd3 Nf6 5. c3 g6 6. Bf4 Nc6 7. h3 Bf5 8. Bxf5
gxf5 9. Ne2 e6 10. Nd2 Bd6 11. Qb3 Bxf4 12. Nxf4 Qc7 13. Ne2 O-O-O 14. O-O-O Kb8
15. Kb1 Ne4 16. Rhf1 Qh2 17. Nxe4 fxe4 18. Rg1 Rhg8 19. c4 Na5 20. Qe3 Nxc4 21.
Qf4+ Qxf4 22. Nxf4 Rc8 23. g4 Rc6 24. b3 Nd6 25. Rc1 Nb5 26. Rxc6 bxc6 27. Ne2
Kc7 28. Rg3 Kd6 29. a4 Nc7 30. f3 Rb8 31. Kc2 Rb4 32. g5 c5 33. dxc5+ Kxc5 34.
fxe4 Rxe4 35. Kd2 Ne8 36. Rc3+ Kb6 37. Rf3 Nd6 38. Nc3 Rh4 39. Kc2 Kc5 40. Nb5
Nf5 41. Kd2 Kb6 42. Nc3 Rd4+ 43. Kc2 a6 44. b4 Kc6 45. Kb3 Rh4 46. Ne2 Re4 47.
Rc3+ Kb7 48. Nc1 Nd4+ 49. Ka3 Kb6 50. a5+ Kb7 51. Ka4 Re1 52. Nd3 Ra1+ 53. Ra3
Rxa3+ 54. Kxa3 Nf3 55. h4 e5 56. Kb2 Kc6 57. Nc5 Kb5 58. Nd7 e4 59. Nf6 Kc6 60.
Kc2 Nxh4 61. b5+ Kxb5 62. Nxd5 Kxa5 63. Nf6 Nf3 64. Nxe4 Kb4 65. Kd3 a5 66. Ke3
Nh4 0-1

[Event "Baku Open 2014"]
[Site "Baku AZE"]
[Date "2014.09.28"]
[Round "7.28"]
[White "Babayev, Talib"]
[Black "Naghdiyev, Niyazi"]
[Result "1-0"]
[WhiteTitle "IM"]
[WhiteElo "2342"]
[BlackElo "2024"]
[WhiteFideId "13401432"]
[BlackFideId "13405519"]
[EventDate "2014.09.22"]

1. e4 c6 2. d4 d5 3. e5 Bf5 4. Nc3 e6 5. g4 Bg6 6. Nge2 c5 7. Be3 cxd4 8. Nxd4
Bb4 9. Qd2 Nd7 10. a3 Bxc3 11. Qxc3 a6 12. f4 Be4 13. Rg1 Ne7 14. O-O-O Rc8 15.
Qe1 Nc5 16. Kb1 O-O 17. Rg3 Qb6 18. Bg1 Na4 19. b3 Nc5 20. Qb4 Qxb4 21. axb4 Nd7
22. Kb2 g5 23. fxg5 Nxe5 24. c3 b5 25. Ra1 Ra8 26. Be2 N7g6 27. Be3 Rfc8 28. Bd2
Kg7 29. Kc1 Kf8 30. Rh3 Kg7 31. Kd1 Nd7 32. Ke1 Nge5 33. Bf4 Kf8 34. Kd2 Ke7 35.
Re3 Ng6 36. Bg3 f6 37. gxf6+ Nxf6 38. g5 Ne8 39. Bg4 Ng7 40. h4 Kd7 41. Ree1 Ne7
42. Nf3 Nc6 43. Ne5+ Nxe5 44. Bxe5 Nf5 45. Rf1 Rf8 46. h5 Rg8 47. Bf6 Nd6 48.
Rg1 Bf5 49. Bf3 Be4 50. Be2 Bf5 51. Be5 Ne4+ 52. Ke3 Nxg5 53. h6 Ke7 54. Rg3 Nf7
55. Rxg8 Rxg8 56. Bg7 Rb8 57. Rxa6 Rb7 58. Kd4 Bc2 59. Bg4 e5+ 60. Bxe5 Nxe5 61.
Kxe5 Rc7 62. Kd4 Bxb3 63. Bf5 Rc4+ 64. Kd3 d4 65. Be6 Rc7 66. Bxb3 Rxc3+ 67.
Kxd4 Rxb3 68. Kc5 Kf7 69. Kxb5 Rg3 70. Rc6 Rg8 71. Kc5 1-0

[Event "Baku Open 2014"]
[Site "Baku AZE"]
[Date "2014.09.28"]
[Round "7.29"]
[White "Zeynalov, Farid"]
[Black "Khalafova, Narmin"]
[Result "1-0"]
[WhiteTitle "FM"]
[BlackTitle "WFM"]
[WhiteElo "2277"]
[BlackElo "2166"]
[WhiteFideId "13402250"]
[BlackFideId "13402625"]
[EventDate "2014.09.22"]

1. d4 d5 2. c4 c6 3. Nf3 Nf6 4. Nbd2 g6 5. e3 Bg7 6. Be2 O-O 7. O-O c5 8. dxc5
Na6 9. cxd5 Nxc5 10. Bc4 Nxd5 11. Qe2 Nb6 12. Rd1 Nxc4 13. Nxc4 Qc7 14. e4 b5
15. Ne3 e6 16. e5 Bb7 17. Ng4 Bxf3 18. Qxf3 Bxe5 19. Bh6 Rfc8 20. Re1 Bd6 21.
Nf6+ Kh8 22. Nd5 Bxh2+ 23. Kh1 Qd8 24. Qxf7 Be5 25. Ne7 Bxb2 26. Nxc8 Qh4+ 27.
Kg1 Qxh6 28. Qe8+ Kg7 29. Qe7+ Kg8 30. Qxc5 Bxa1 31. Qc6 Rxc8 32. Qxc8+ 1-0

[Event "Baku Open 2014"]
[Site "Baku AZE"]
[Date "2014.09.28"]
[Round "7.30"]
[White "Kazimova, Narmin"]
[Black "Gadimbayli, Abdulla"]
[Result "1-0"]
[WhiteTitle "WIM"]
[BlackTitle "FM"]
[WhiteElo "2233"]
[BlackElo "2162"]
[WhiteFideId "13402951"]
[BlackFideId "13404938"]
[EventDate "2014.09.22"]

1. c4 c6 2. e4 d5 3. exd5 cxd5 4. d4 Nf6 5. Nc3 e6 6. Nf3 Be7 7. c5 O-O 8. b4 b6
9. a3 Nfd7 10. Bd3 Bf6 11. Qc2 g6 12. O-O a5 13. Bh6 Re8 14. Nb5 Nc6 15. Rac1
axb4 16. cxb6 Ndb8 17. Nc7 Rxa3 18. Nxe8 Qxe8 19. Bb5 Bd7 20. Bf4 Rc3 21. Qd2
Nxd4 22. Nxd4 e5 23. Rxc3 bxc3 24. Qxc3 exf4 25. Re1 Qf8 26. Bxd7 Nxd7 27. b7
Qd6 28. Qc8+ Kg7 29. Nc6 f3 30. gxf3 Bh4 31. b8=Q Nxb8 32. Nxb8 Bxf2+ 33. Kxf2
Qxh2+ 34. Ke3 Qe5+ 35. Kd2 Qd4+ 36. Ke2 1-0

[Event "Baku Open 2014"]
[Site "Baku AZE"]
[Date "2014.09.28"]
[Round "7.31"]
[White "Mammadova, Narmin"]
[Black "Aliyev, Rasim"]
[Result "0-1"]
[WhiteElo "2124"]
[BlackElo "2230"]
[WhiteFideId "13403710"]
[BlackFideId "13401084"]
[EventDate "2014.09.22"]

1. e4 c6 2. Nf3 d5 3. Nc3 Bg4 4. h3 Bxf3 5. Qxf3 e6 6. d3 Nf6 7. Bd2 d4 8. Nd1
c5 9. g3 Nc6 10. a3 Be7 11. Bg2 O-O 12. O-O Rc8 13. Qe2 b5 14. f4 e5 15. Nf2 c4
16. f5 c3 17. Bc1 cxb2 18. Bxb2 a5 19. h4 Nd7 20. h5 Bg5 21. Ng4 h6 22. Bc1 Bxc1
23. Raxc1 Nf6 24. Nh2 Nh7 25. f6 Nxf6 26. Rf5 Nh7 27. Nf3 Qd6 28. Rf1 f6 29. Nh4
Ne7 30. R5f2 Ng5 31. Rb1 Qd7 32. Rb3 a4 33. Rb4 Rc3 34. Qd1 Rfc8 35. Qb1 R8c5
36. Qb2 Kh7 37. Kh2 Qc6 38. Nf5 Nxf5 39. exf5 e4 40. dxe4 Qd6 41. Rf4 Rxc2 42.
Qa1 d3 43. Rf1 R5c3 44. Rxb5 d2 45. e5 Qd3 0-1

[Event "Baku Open 2014"]
[Site "Baku AZE"]
[Date "2014.09.28"]
[Round "7.32"]
[White "Shabanov, Nurlan"]
[Black "Andrenko, Irina"]
[Result "1-0"]
[BlackTitle "WIM"]
[WhiteElo "2106"]
[BlackElo "2199"]
[WhiteFideId "13400100"]
[BlackFideId "14118270"]
[EventDate "2014.09.22"]

1. d4 Nf6 2. c4 g6 3. Nc3 d5 4. cxd5 Nxd5 5. e3 Bg7 6. Nxd5 Qxd5 7. Ne2 O-O 8.
Nc3 Qd6 9. Be2 c6 10. O-O Nd7 11. Rb1 a5 12. a3 e5 13. d5 cxd5 14. Qxd5 Qe7 15.
e4 Nc5 16. Bg5 Qxg5 17. Qxc5 Bh3 18. Bf3 h5 19. Nd5 Bh6 20. Rbd1 Kg7 21. Nb6
Rad8 22. Nc4 a4 23. Qb6 Be6 24. Na5 Rb8 25. Qb5 h4 26. Rd6 Qf4 27. Qd3 b5 28.
Rd1 Bg5 29. Nc6 Rb7 30. Qc3 Bf6 31. Na5 Rbb8 32. Qd3 Be7 33. Rxe6 Rfd8 34. Rxe7
Rxd3 35. Rxd3 Qc1+ 36. Bd1 Qxb2 37. Rdd7 Rf8 38. Nc6 Qxa3 39. Nxe5 Qa2 40. Nxf7
b4 41. Ne5+ Kh6 42. Ng4+ Kh5 43. Re5+ g5 44. Rd6 1-0

[Event "Baku Open 2014"]
[Site "Baku AZE"]
[Date "2014.09.28"]
[Round "7.33"]
[White "Omar, Noaman"]
[Black "Alakhverdiev, Araz"]
[Result "1-0"]
[WhiteTitle "IM"]
[BlackTitle "FM"]
[WhiteElo "2355"]
[BlackElo "2277"]
[WhiteFideId "9300244"]
[BlackFideId "13610260"]
[EventDate "2014.09.22"]

1. d4 Nf6 2. c4 c5 3. d5 b5 4. Nf3 g6 5. cxb5 a6 6. b6 Qxb6 7. Nc3 d6 8. e4 Bg4
9. Qa4+ Bd7 10. Qc2 Bg7 11. Be2 O-O 12. Nd2 Bb5 13. O-O Bxe2 14. Nxe2 Nbd7 15.
Nc4 Qc7 16. Bd2 a5 17. a4 Ne8 18. Ra3 Ne5 19. Nxe5 Bxe5 20. Rh3 Rb8 21. Bc3 Qb6
22. Bxe5 dxe5 23. b3 Nf6 24. Rc3 Rfc8 25. Rc1 Nd7 26. Ng3 Qf6 27. Nf1 Rb4 28.
Ne3 Rd4 29. g3 h5 30. h4 Kg7 31. Kg2 Qa6 32. Nc4 Rb8 33. f3 f6 34. Na3 Rdb4 35.
Nb5 Qb6 36. Rc4 Rxc4 37. bxc4 Qb7 38. Rd1 Rd8 39. Rb1 Rb8 40. Rb3 Qc8 41. f4 Rb6
42. Rf3 exf4 43. gxf4 Kh7 44. Rg3 Qf8 45. Qf2 Qg8 46. Qe3 Qf8 47. Kf2 Rb8 48.
Kg1 Qh6 49. Rf3 Rg8 50. e5 g5 51. hxg5 fxg5 52. f5 g4 53. Qxh6+ Kxh6 54. Re3 Kg5
55. f6 Kf4 56. Re2 Nxe5 57. fxe7 Nf3+ 58. Kh1 g3 59. d6 h4 60. Nc3 h3 61. Nd5+
Kf5 62. Ne3+ Kf6 63. Ng2 hxg2+ 64. Kxg2 Nh4+ 65. Kg1 Nf3+ 66. Kg2 Nh4+ 67. Kg1
Nf3+ 68. Kf1 g2+ 69. Rxg2 Re8 70. d7 Kxe7 71. dxe8=Q+ Kxe8 72. Re2+ Kd7 73. Kf2
Nd4 74. Rb2 Kd6 75. Ke3 Ne6 76. Ke4 Nd4 77. Rb6+ Nc6 78. Rxc6+ 1-0

[Event "Baku Open 2014"]
[Site "Baku AZE"]
[Date "2014.09.28"]
[Round "7.34"]
[White "Amrayeva, Aytan"]
[Black "Hojjatova, Aydan"]
[Result "0-1"]
[BlackTitle "WCM"]
[WhiteElo "2144"]
[BlackElo "2014"]
[WhiteFideId "13405101"]
[BlackFideId "13401491"]
[EventDate "2014.09.22"]

1. c4 e5 2. Nc3 Nf6 3. g3 d5 4. cxd5 Nxd5 5. Bg2 Nb6 6. Nf3 Nc6 7. d3 Be7 8. O-O
O-O 9. a3 Be6 10. Be3 Nd5 11. Nxd5 Bxd5 12. b4 a6 13. Rc1 Qd7 14. Bc5 Rfe8 15.
e4 Be6 16. d4 exd4 17. Nxd4 Bg4 18. Bf3 Bxf3 19. Nxf3 Rad8 20. Qxd7 Rxd7 21. Rc3
Bf6 22. e5 Nxe5 23. Nxe5 Rxe5 24. Rc4 Red5 25. Re4 Re5 26. Rxe5 Bxe5 27. Re1 f6
28. f4 Bd6 29. Bf2 Kf7 30. Kg2 Re7 31. Rxe7+ Kxe7 32. Kf3 a5 33. Be1 Kd7 34. Ke4
Kc6 35. bxa5 Bxa3 36. Kf5 Kd5 37. g4 Bb2 38. g5 g6+ 39. Kg4 f5+ 40. Kf3 Kc4 41.
Ke2 Bc3 42. Bf2 Bxa5 43. h4 b5 44. Bg3 b4 45. Kd1 b3 46. Kc1 Bc3 47. h5 Kd3 48.
hxg6 hxg6 49. Bf2 Bd4 0-1

[Event "Baku Open 2014"]
[Site "Baku AZE"]
[Date "2014.09.29"]
[Round "8.8"]
[White "Volokitin, Andrei"]
[Black "Mammadov, Zaur"]
[Result "1/2-1/2"]
[WhiteTitle "GM"]
[BlackTitle "IM"]
[WhiteElo "2642"]
[BlackElo "2482"]
[WhiteFideId "14107090"]
[BlackFideId "13401033"]
[EventDate "2014.09.22"]

1. e4 e6 2. d4 d5 3. e5 c5 4. c3 Nc6 5. Nf3 Qb6 6. Na3 cxd4 7. cxd4 f6 8. Bd3
Bb4+ 9. Bd2 fxe5 10. dxe5 Nge7 11. O-O Bxd2 12. Qxd2 O-O 13. Rfe1 Bd7 14. Nc2
Rac8 15. b4 Nf5 16. Rac1 Nce7 17. Ncd4 Nxd4 18. Nxd4 Rc7 19. Nb3 Rxc1 20. Nxc1
Nc6 21. a3 Nd4 1/2-1/2

[Event "Baku Open 2014"]
[Site "Baku AZE"]
[Date "2014.09.29"]
[Round "8.11"]
[White "Kovalenko, Igor"]
[Black "Golubov, Saveliy"]
[Result "1-0"]
[WhiteTitle "GM"]
[WhiteElo "2650"]
[BlackElo "2347"]
[WhiteFideId "14117908"]
[BlackFideId "24176729"]
[EventDate "2014.09.22"]

1. d4 Nf6 2. Nf3 d5 3. c4 e6 4. Nc3 Be7 5. Bf4 O-O 6. e3 Nbd7 7. c5 c6 8. h3 b6
9. b4 a5 10. a3 Ba6 11. Bxa6 Rxa6 12. O-O Qa8 13. Rb1 axb4 14. axb4 bxc5 15.
bxc5 Ra3 16. Qc2 Qa7 17. Rb2 h6 18. Rfb1 Qa5 19. Na2 Ne4 20. Nb4 Rc8 21. Ra2 f6
22. Rxa3 Qxa3 23. Nd3 Qa6 24. Qb3 Bd8 25. Qb7 Qxb7 26. Rxb7 Nf8 27. Ra7 e5 28.
dxe5 Ne6 29. Nd4 Nxf4 30. exf4 fxe5 31. Ne6 1-0

[Event "Baku Open 2014"]
[Site "Baku AZE"]
[Date "2014.09.29"]
[Round "8.12"]
[White "Guliev, Logman"]
[Black "Guliyev, Namig"]
[Result "1-0"]
[WhiteTitle "IM"]
[BlackTitle "GM"]
[WhiteElo "2377"]
[BlackElo "2546"]
[WhiteFideId "13400061"]
[BlackFideId "13400363"]
[EventDate "2014.09.22"]

1. e4 c5 2. Nf3 d6 3. d4 cxd4 4. Nxd4 Nf6 5. Nc3 a6 6. Be3 e6 7. f3 b5 8. Qd2
Nbd7 9. O-O-O Nb6 10. Bd3 Bb7 11. Qf2 Nfd7 12. Kb1 Rc8 13. Nce2 Nc4 14. f4 Nxe3
15. Qxe3 Qb6 16. Rhf1 Be7 17. e5 dxe5 18. fxe5 O-O 19. Nf4 Rc5 20. Ndxe6 Rxe5
21. Qxb6 Nxb6 22. Nxf8 Bxf8 23. Rfe1 f6 24. g3 g6 25. Bf1 Kf7 26. Bg2 Bxg2 27.
Nxg2 Rh5 28. h4 Bc5 29. g4 Rd5 30. Nf4 Rxd1+ 31. Rxd1 Bf2 32. h5 g5 33. Nd3 Be3
34. Re1 Nd5 35. a4 f5 36. gxf5 Kf6 37. Nb4 Nxb4 38. Rxe3 Nd5 39. Rb3 bxa4 40.
Rb7 Kxf5 41. Rxh7 Nf4 42. Ra7 Nxh5 43. Rxa6 g4 44. Ra5+ Kg6 45. Rxa4 g3 46. Rd4
Kf5 47. b4 Nf4 48. b5 Ne2 49. Rd8 Nc3+ 50. Ka1 Na4 51. Rg8 Kf4 52. Rg6 Kf3 53.
b6 Nc5 54. Kb2 g2 55. Ka3 Nd7 56. b7 Kf2 57. c4 g1=Q 58. Rxg1 Kxg1 59. c5 Nb8
60. Kb4 1-0

[Event "Baku Open 2014"]
[Site "Baku AZE"]
[Date "2014.09.29"]
[Round "8.13"]
[White "Maghsoodloo, Parham"]
[Black "Rasulov, Vugar"]
[Result "1-0"]
[BlackTitle "GM"]
[WhiteElo "2321"]
[BlackElo "2514"]
[WhiteFideId "12539929"]
[BlackFideId "13402390"]
[EventDate "2014.09.22"]

1. Nf3 d6 2. e4 c5 3. Bb5+ Nd7 4. O-O a6 5. Bxd7+ Bxd7 6. Qe2 e6 7. Rd1 Ne7 8.
c3 Ng6 9. d4 Be7 10. Be3 cxd4 11. Nxd4 O-O 12. Nd2 Qc7 13. a4 Rac8 14. a5 f5 15.
exf5 exf5 16. f4 Kh8 17. g3 Bf6 18. Re1 Rfe8 19. Qf2 Ne7 20. N4f3 Nd5 21. Bd4 h6
22. Bxf6 Nxf6 23. Rxe8+ Rxe8 24. Qb6 Qb8 25. Nc4 Ne4 26. Rd1 Ba4 27. Rxd6 Nxd6
28. Nxd6 Rf8 29. Ne5 Rf6 30. c4 Bc6 31. c5 Qg8 32. Nxc6 bxc6 33. Qxc6 Qb3 34.
Qe8+ Kh7 35. Qe5 Qa4 36. Ne8 Rg6 37. Nd6 Qxa5 38. Nxf5 Qa2 39. Ne7 Rf6 40. c6
Qb1+ 41. Kg2 Rxc6 42. Nxc6 Qc2+ 43. Kf3 Qd3+ 44. Qe3 Qf1+ 45. Ke4 Qg2+ 46. Ke5
Qxb2+ 47. Qd4 Qxh2 48. Qd3+ Kh8 49. Ne7 Qb2+ 50. Ke6 Qa2+ 51. Nd5 Qa4 52. Qf5
Qc6+ 53. Kf7 Qb7+ 54. Ne7 Qb3+ 55. Qd5 Qxd5+ 56. Nxd5 Kh7 57. g4 a5 58. Nc3 Kh8
59. Kg6 Kg8 60. f5 Kf8 61. f6 1-0

[Event "Baku Open 2014"]
[Site "Baku AZE"]
[Date "2014.09.29"]
[Round "8.14"]
[White "Baron, Tal"]
[Black "Yilmazyerli, Mert"]
[Result "1/2-1/2"]
[WhiteTitle "GM"]
[BlackTitle "FM"]
[WhiteElo "2513"]
[BlackElo "2454"]
[WhiteFideId "2809958"]
[BlackFideId "6305962"]
[EventDate "2014.09.22"]

1. e4 c5 2. Nf3 d6 3. d4 cxd4 4. Nxd4 Nf6 5. Nc3 g6 6. Be3 Bg7 7. f3 a6 8. Qd2
Nbd7 9. g4 b5 10. h4 h6 11. h5 g5 12. a4 b4 13. Na2 Ne5 14. Nxb4 Bb7 15. Nd3 Nc4
16. Qe2 Nxe3 17. Qxe3 e6 18. Be2 O-O 19. O-O Nd7 20. Kg2 1/2-1/2

[Event "Baku Open 2014"]
[Site "Baku AZE"]
[Date "2014.09.29"]
[Round "8.15"]
[White "Lorparizangeneh, Shahin"]
[Black "Pourramezanali, Amirreza"]
[Result "1/2-1/2"]
[WhiteTitle "FM"]
[BlackTitle "IM"]
[WhiteElo "2277"]
[BlackElo "2429"]
[WhiteFideId "12521604"]
[BlackFideId "12511412"]
[EventDate "2014.09.22"]

1. Nf3 d5 2. g3 c6 3. Bg2 Bg4 4. O-O e6 5. d4 Nd7 6. c4 Ngf6 7. Qb3 Qb6 8. Nc3
Be7 9. Re1 O-O 10. c5 Qxb3 11. axb3 Bxf3 12. exf3 b6 13. b4 a5 14. b5 bxc5 15.
bxc6 cxd4 16. Nxd5 Nxd5 17. cxd7 Ra7 18. Rd1 Bf6 19. f4 g6 20. Bxd5 exd5 21. b4
a4 22. Bb2 Rfa8 23. Bxd4 Bxd4 24. Rxd4 Rxd7 25. b5 a3 26. Rd3 Ra5 27. Raxa3 Rxb5
28. Kg2 Kg7 29. Kf3 Rd6 30. h4 h5 31. Ra7 Rc6 32. Re3 Rb2 33. Ree7 Rb3+ 34. Kg2
Rf6 35. Re5 Rd6 1/2-1/2

[Event "Baku Open 2014"]
[Site "Baku AZE"]
[Date "2014.09.29"]
[Round "8.16"]
[White "Rzayev, Bahruz"]
[Black "Mamedov, Nidjat"]
[Result "0-1"]
[WhiteTitle "IM"]
[BlackTitle "GM"]
[WhiteElo "2416"]
[BlackElo "2624"]
[WhiteFideId "13403036"]
[BlackFideId "13400819"]
[EventDate "2014.09.22"]

1. Nf3 c5 2. g3 g6 3. Bg2 Bg7 4. c4 Nc6 5. O-O e6 6. Nc3 Nge7 7. a3 d5 8. d3 O-O
9. Bd2 b6 10. Rb1 Bb7 11. b4 cxb4 12. axb4 dxc4 13. dxc4 Rc8 14. c5 bxc5 15.
bxc5 Na5 16. Na4 Be4 17. Rb4 Bc6 18. e4 Qd7 19. Bf4 Rfd8 20. Qxd7 Bxd7 21. Bg5
Kf8 22. Rc1 Rb8 23. Rcb1 Rxb4 24. Rxb4 Rc8 25. Bf4 Nec6 26. Rb1 Nd4 27. Bd6+ Ke8
28. Nb2 Nab3 29. Nc4 Nxc5 30. Nxd4 Bxd4 31. Ne5 f6 32. Nxd7 Kxd7 33. Bxc5 Rxc5
34. Rb7+ Kd6 35. Rxh7 Rc2 36. h4 a5 37. Rh8 Bxf2+ 38. Kh2 a4 39. Ra8 Ra2 40.
Ra6+ Ke5 41. Bh3 f5 42. exf5 gxf5 43. h5 Ra3 44. Bf1 Bxg3+ 45. Kg2 Bf4 46. Bc4
Rg3+ 47. Kf2 a3 48. Bxe6 Rh3 49. Bf7 Bc1 50. Kg2 Rh4 51. Bg6 f4 52. Bf7 Rg4+ 53.
Kf2 Be3+ 54. Ke2 Rg2+ 55. Kf3 Rg3+ 56. Ke2 Bc5 57. Re6+ Kf5 58. Rg6 Re3+ 59. Kd2
f3 60. Bc4 f2 61. Rc6 Bd4 62. Ra6 Rc3 63. Bf1 Rb3 64. h6 Rb1 65. Bh3+ Kg5 66.
Rxa3 f1=Q 67. Bxf1 Rxf1 68. Rh3 Kg6 69. h7 Bh8 70. Ke2 Rf8 71. Rf3 Rc8 72. Rh3
Bg7 73. Kf3 Bh6 74. Rg3+ Kxh7 75. Kg4 Kg6 76. Ra3 Rc4+ 77. Kf3 Bf8 78. Rd3 Kf5
79. Rd5+ Ke6 80. Rg5 Bd6 81. Rg4 Rc1 82. Ke4 Be5 83. Rg6+ Bf6 84. Rg4 Re1+ 85.
Kf3 Kd5 86. Rg2 Bd4 87. Rg5+ Kc4 88. Rg3 Be5 89. Rh3 Kd4 90. Rh7 Re3+ 91. Kf2
Ke4 92. Rh1 Bg3+ 93. Kg2 Kf4 94. Rd1 Re2+ 95. Kf1 Rf2+ 96. Kg1 Rc2 97. Rd3 Bf2+
98. Kh1 Be3 99. Rd8 Kf3 100. Rf8+ Bf4 101. Rg8 Rc6 102. Rg6 Rc5 0-1

[Event "Baku Open 2014"]
[Site "Baku AZE"]
[Date "2014.09.29"]
[Round "8.17"]
[White "Shimanov, Aleksandr"]
[Black "Manik, Mikulas"]
[Result "1-0"]
[WhiteTitle "GM"]
[BlackTitle "GM"]
[WhiteElo "2624"]
[BlackElo "2385"]
[WhiteFideId "4198603"]
[BlackFideId "14900734"]
[EventDate "2014.09.22"]

1. e4 c5 2. Nc3 Nc6 3. Bb5 Nd4 4. Nf3 Nxb5 5. Nxb5 d6 6. d4 Nf6 7. e5 Qa5+ 8.
Nc3 dxe5 9. dxe5 Ne4 10. Bd2 Nxc3 11. Bxc3 Qa6 12. Ng5 Bf5 13. g4 Rd8 14. Qxd8+
Kxd8 15. gxf5 Qc4 16. e6 Kc7 17. O-O-O Qf4+ 18. Bd2 Qxf5 19. Nxf7 Rg8 20. Rhe1
Kc6 21. Re5 Qh3 22. Nd8+ Kb6 23. Be3 g6 24. Rxc5 Ka6 25. Rd3 Qf1+ 26. Kd2 Bh6
27. Ra3+ Kb6 28. Rg5+ 1-0